| Tag |
First Indicator |
Second Indicator |
Subfields |
| LEADER |
00000cam a2200000 i 4500 |
| 001 |
in00004094113 |
| 005 |
20211123120132.0 |
| 006 |
m o d f |
| 007 |
cr ||||||||||| |
| 008 |
200320s2020 dcu ob f000 0 eng c |
| 035 |
|
|
|a (OCoLC)on1145340304
|
| 042 |
|
|
|a pcc
|
| 043 |
|
|
|a n-us---
|
| 040 |
|
|
|a GPO
|b eng
|e rda
|e pn
|c GPO
|d GPO
|d OCLCF
|d GPO
|d MvI
|
| 049 |
|
|
|a WWW
|
| 074 |
|
|
|a 1002-C (online)
|
| 086 |
0 |
|
|a Y 4.T 19/4:T 19/177
|
| 086 |
0 |
|
|a Y 4.T 19/4:T 19/177/ERRATA
|
| 088 |
|
|
|a JCX-10-20
|
| 088 |
|
|
|a JCX-10 R-20
|
| 245 |
0 |
0 |
|a Technical explanation of Division G, "Tax credits for paid sick and paid family and medical leave," of H.R. 6201, the "Families First Coronavirus Response Act" /
|c prepared by the staff of the Joint Committee on Taxation.
|
| 264 |
|
1 |
|a [Washington, D.C.] :
|b [Joint Committee on Taxation],
|c [2020]
|
| 300 |
|
|
|a 1 online resource (i, 22 pages) +
|e errata
|
| 336 |
|
|
|a text
|b txt
|2 rdacontent
|
| 337 |
|
|
|a computer
|b c
|2 rdamedia
|
| 338 |
|
|
|a online resource
|b cr
|2 rdacarrier
|
| 500 |
|
|
|a "March 17, 2020."
|
| 500 |
|
|
|a "June 3, 2020."
|
| 500 |
|
|
|a "JCX-3-20."
|
| 500 |
|
|
|a "JCX-10R-20."
|
| 500 |
|
|
|a Errata corrects error in section II. E. Special Rule Related to Tax on Employers (sec. 7005 of the bill).
|
| 504 |
|
|
|a Includes bibliographical references.
|
| 588 |
|
|
|a Description based on online resource; title from PDF cover (Joint Committee on Taxation website, viewed Mar. 20, 2020).
|
| 650 |
|
0 |
|a Disaster relief
|z United States.
|
| 650 |
|
0 |
|a Coronavirus infections
|z United States.
|
| 650 |
|
0 |
|a Sick leave
|z United States.
|
| 650 |
|
0 |
|a Parental leave
|z United States.
|
| 650 |
|
0 |
|a Tax credits
|x Law and legislation
|z United States.
|
| 650 |
|
0 |
|a Taxation
|x Law and legislation
|z United States.
|
| 710 |
1 |
|
|a United States.
|b Congress.
|b Joint Committee on Taxation,
|e author.
|
| 776 |
0 |
8 |
|i Print version:
|t Technical explanation of Division G, "Tax Credits For Paid Sick And Paid Family And Medical Leave," of H.R. 6201, The "Families First Coronavirus Response Act"
|w (OCoLC)1146085449
|
| 856 |
4 |
0 |
|u https://purl.fdlp.gov/GPO/gpo158009
|t 0
|
| 856 |
4 |
0 |
|u https://purl.fdlp.gov/GPO/gpo133857
|t 0
|
| 999 |
f |
f |
|s a3e2d1f8-9d39-3235-9a7d-266725b23824
|i 5d19feda-ab58-3a71-afb9-4bfd8ba17619
|t 0
|
| 952 |
f |
f |
|a Texas A&M University
|b College Station
|c Electronic Resources
|d Available Online
|t 0
|e Y 4.T 19/4:T 19/177/ERRATA
|h Superintendent of Documents classification
|
| 952 |
f |
f |
|a Texas A&M University
|b College Station
|c Electronic Resources
|d Available Online
|t 0
|e Y 4.T 19/4:T 19/177
|h Superintendent of Documents classification
|
| 998 |
f |
f |
|a Y 4.T 19/4:T 19/177/ERRATA
|t 0
|l Available Online
|
| 998 |
f |
f |
|a Y 4.T 19/4:T 19/177
|t 0
|l Available Online
|